01715nam a2200217 a 4500008004100000020001500041041000800056092001900064100002400083245003900107250001100146260003400157300001100191500007600202505088500278590005801163655001701221942001301238999001501251952023101266161215t1991 ag |||g |||| 00| 1 spa d a9500357046 aspa c808.8l55sNER1 aNeruda, Pablo92928 aDefectos escogidos /cPablo Neruda a2a ed. aBuenos Aires:bLosada;c1991. a105 p. aNeruda, P. (1991). Defectos escogidos. (2a ed.). Buenos Aires : Losada. aPablo Neruda (1904-1973), tal vez el primer poeta de la lengua de este siglo, gloria de Chile y honor del continente con 20 poemas de amor, Canto general, Odas elementales, y toda su obra, varia, espléndida, sin igual, dejó al morir ocho poemarios inéditos: La rosa separada, Jardín de invierno, 2000, El corazón amarillo, Libro de las preguntas, Elegía, El mar y las campanas y Defectos escogidos. Losada se enorgulleció de darlos a conocer en ese momento y se complace en reeditarlos. La Editorial Losada, puede decirse que la casa editorial de Pablo Neruda desde hace casi cincuenta años, se enorgullece ahora de concluir, con este libro donde figuran algunas de las más bella composiciones nerudianas -"Orégano", "Otro castillo", "Paseando con Laforgue"-, a la vez la serie de sus composiciones póstumas y la publicación de toda las obras de el autor.  aProyecto 4to libro. Donación Constanzo, Juan Carlos aPoesia92929 2ddccLIT c2416d2416 00102ddc4070aBFMbBFMcCRd2017-05-29eDonación Constanzo, Juan Carlos. Mayo 2017l1m1o808.8 55 NERp3869r2019-10-07s2019-09-19tEj.1w2017-05-29yLITzProyecto 4to Libro. Donación Constanzo, Juan Carlos. Mayo 2017